[Event "Tarragona op 7th"]
[Site "Tarragona"]
[Date "2006.08.19"]
[Round "1"]
[White "Martinez Leon, Ferran"]
[Black "Hamdouchi, Hicham"]
[Result "0-1"]
[WhiteElo "1972"]
[BlackElo "2579"]
[PlyCount "62"]
[EventDate "2006.08.19"]
[EventType "swiss"]
[EventRounds "9"]
[EventCountry "ESP"]
[SourceTitle "EXT 2007"]
[Source "ChessBase"]
[SourceDate "2006.11.23"]
[SourceVersion "1"]
[SourceVersionDate "2006.11.23"]
[SourceQuality "1"]

1. d4 e6 2. Nf3 c5 3. e4 cxd4 4. Nxd4 a6 5. Be2 Nf6 6. f3 Qc7 7. Be3 d5 8. exd5 Nxd5 9. Bf2 Bd6 10. g3 0-0 11. c4 Nf6 12. Nc3 Rd8 13. Qc2 b6 14. 0-0-0 Bb7 15. Rd2 Ng4 16. Be1 Bc5 17. Nxe6 fxe6 18. Rxd8+ Qxd8 19. Bd2 Nf6 20. Rd1 Nc6 21. Bg5 Nd4 22. Qd3 Qf8 23. Ne4 Nxe4 24. fxe4 h6 25. Bd2 Rd8 26. Bg4 Qe8 27. e5 h5 28. Be2 Nxe2+ 29. Qxe2 Qg6 30. h4 Qxg3 31. Qxh5 Bf3 0-1

[Event "Tarragona-ch"]
[Site "Tarragona"]
[Date "2003.??.??"]
[Round "4"]
[White "Belles Garcia, Vicente"]
[Black "Martinez Leon, Ferran"]
[Result "1-0"]
[WhiteElo "2155"]
[BlackElo "2080"]
[PlyCount "139"]
[EventDate "2003.??.??"]
[EventType "swiss"]
[EventRounds "9"]
[EventCountry "ESP"]
[SourceTitle "EXT 2007"]
[Source "ChessBase"]
[SourceDate "2006.11.23"]
[SourceVersion "1"]
[SourceVersionDate "2006.11.23"]
[SourceQuality "1"]

1. Nf3 d5 2. d4 Nf6 3. Nbd2 g6 4. e3 Bg7 5. Bd3 0-0 6. 0-0 Nbd7 7. b4 a5 8. b5 a4 9. c4 dxc4 10. Nxc4 c5 11. bxc6 bxc6 12. Ba3 Re8 13. Rb1 Nd5 14. Qc2 Qc7 15. Rfc1 Ba6 16. Nb2 Rec8 17. Bxa6 Rxa6 18. Nd3 e6 19. Qc4 Qa5 20. Rb7 N5b6 21. Qb4 Qd5 22. Nc5 Bf8 23. Nxd7 Nxd7 24. Qb2 c5 25. Qb5 Rac6 26. Rxd7 Qxd7 27. Ne5 Qd5 28. Nxc6 Rxc6 29. Qxa4 Kg7 30. dxc5 Rc8 31. Bb2+ e5 32. c6 Bd6 33. Rd1 Qc5 34. Rc1 Qb6 35. Qc2 Rc7 36. Rd1 Qa5 37. Qd2 Bb4 38. Bxe5+ Qxe5 39. Qxb4 Rxc6 40. Qd4 Qxd4 41. exd4 Kf6 42. d5 Rd6 43. f4 h5 44. Kf2 Ra6 45. Rd2 Ke7 46. Ke3 Kd6 47. g3 f6 48. Kd4 Ra4+ 49. Kc3 h4 50. Kb3 Re4 51. Kc3 hxg3 52. hxg3 Ra4 53. Kb3 Ra8 54. a4 Rb8+ 55. Kc4 Rc8+ 56. Kd4 Ra8 57. Ra2 Ra5 58. Kc4 Rc5+ 59. Kb4 Rxd5 60. a5 Kc6 61. a6 Rd8 62. a7 Ra8 63. Ra6+ Kd5 64. Kb5 g5 65. fxg5 fxg5 66. Kb6 Ke4 67. Kb7 Rg8 68. a8Q Rxa8 69. Kxa8 Kf3 70. Ra3+ 1-0

[Event "Tarragona-ch"]
[Site "Tarragona"]
[Date "2003.??.??"]
[Round "3"]
[White "Martinez Leon, Ferran"]
[Black "Accensi Estrada, Miguel Angel"]
[Result "0-1"]
[WhiteElo "2080"]
[BlackElo "2265"]
[PlyCount "62"]
[EventDate "2003.??.??"]
[EventType "swiss"]
[EventRounds "9"]
[EventCountry "ESP"]
[SourceTitle "EXT 2007"]
[Source "ChessBase"]
[SourceDate "2006.11.23"]
[SourceVersion "1"]
[SourceVersionDate "2006.11.23"]
[SourceQuality "1"]

1. d4 e6 2. c4 Nf6 3. Nc3 Bb4 4. e3 0-0 5. Bd3 d6 6. Nge2 e5 7. 0-0 Re8 8. f3 c5 9. d5 Nbd7 10. a3 Bxc3 11. Nxc3 Nf8 12. Qc2 Ng6 13. Bd2 Bd7 14. f4 exf4 15. exf4 Ng4 16. Ne4 Bf5 17. Nxc5 Qb6 18. Bxf5 Qxc5+ 19. Kh1 Nf2+ 20. Rxf2 Qxf2 21. Bd3 Nxf4 22. Bxf4 Qxf4 23. Bxh7+ Kh8 24. Bd3 Re3 25. Rf1 Qd4 26. Be2 Rae8 27. Rf2 R3e4 28. Bf1 Rf4 29. Rxf4 Qxf4 30. Qd1 Qf2 31. Qd3 Re3 0-1

[Event "Tarragona-ch"]
[Site "Tarragona"]
[Date "2003.??.??"]
[Round "5"]
[White "Martinez Leon, Ferran"]
[Black "Balada Reverte, Marc"]
[Result "1-0"]
[WhiteElo "2080"]
[BlackElo "2010"]
[PlyCount "124"]
[EventDate "2003.??.??"]
[EventType "swiss"]
[EventRounds "9"]
[EventCountry "ESP"]
[SourceTitle "EXT 2007"]
[Source "ChessBase"]
[SourceDate "2006.11.23"]
[SourceVersion "1"]
[SourceVersionDate "2006.11.23"]
[SourceQuality "1"]

1. d4 d5 2. c4 e6 3. Nc3 Nf6 4. cxd5 exd5 5. Bg5 c6 6. e3 Bf5 7. Nf3 Nbd7 8. Bd3 Bxd3 9. Qxd3 Bd6 10. Rb1 0-0 11. b4 a6 12. a4 Qc7 13. 0-0 Rfe8 14. Rfc1 h6 15. Bh4 g5 16. Bg3 Bxg3 17. hxg3 Qd6 18. b5 axb5 19. axb5 Ne4 20. bxc6 bxc6 21. Qc2 Nxc3 22. Qxc3 Rec8 23. Qd3 Ra2 24. Qf5 Rca8 25. Rb7 R8a7 26. Rb3 R2a6 27. Rcb1 Rc7 28. Nh2 Qe6 29. Qd3 Ra8 30. Rc3 Rac8 31. Nf3 Kg7 32. Rcb3 c5 33. dxc5 Nxc5 34. Qd4+ f6 35. Rb6 Qf7 36. Rd1 Ne4 37. Qd3 Rc2 38. Rf1 Qa7 39. Qb5 R8c7 40. Nd4 Nc3 41. Qb4 Ne2+ 42. Nxe2 Rxe2 43. Rb8 Qc5 44. Qa4 Qc6 45. Qg4 Rc2 46. Kh2 Qc4 47. Qd1 Rc1 48. Qxc1 Qxc1 49. Rxc1 Rxc1 50. g4 Rd1 51. Rd8 Kg6 52. Kg3 Kg7 53. Kf3 Rd2 54. Rd7+ Kg6 55. Rd6 Kf7 56. Rd7+ Kg6 57. Kg3 Rd3 58. Re7 Rd2 59. Rd7 Rd3 60. Kf3 Rd2 61. g3 h5 62. gxh5+ Kxh5 1-0

[Event "Tarragona-ch"]
[Site "Tarragona"]
[Date "2003.??.??"]
[Round "9"]
[White "Martinez Leon, Ferran"]
[Black "Farran Martos, Jorge Francesco"]
[Result "0-1"]
[WhiteElo "2080"]
[BlackElo "2140"]
[PlyCount "104"]
[EventDate "2003.??.??"]
[EventType "swiss"]
[EventRounds "9"]
[EventCountry "ESP"]
[SourceTitle "EXT 2007"]
[Source "ChessBase"]
[SourceDate "2006.11.23"]
[SourceVersion "1"]
[SourceVersionDate "2006.11.23"]
[SourceQuality "1"]

1. d4 Nf6 2. c4 e6 3. Nc3 Bb4 4. e3 c5 5. Bd3 Nc6 6. Nf3 Bxc3+ 7. bxc3 d6 8. 0-0 0-0 9. e4 e5 10. h3 Qa5 11. Qb3 a6 12. Be3 h6 13. d5 Ne7 14. Nh4 Nh5 15. Nf5 Nxf5 16. exf5 Qd8 17. Qd1 Nf6 18. Bc2 b5 19. Qe2 Rb8 20. Rfb1 Bd7 21. cxb5 axb5 22. c4 Qa5 23. g4 Qc3 24. Bb3 bxc4 25. Rc1 Qd3 26. Bxc4 Qxe2 27. Bxe2 Nxd5 28. Rd1 Nxe3 29. fxe3 Rb6 30. a4 Rb2 31. Bf3 e4 32. Bg2 Ra8 33. a5 Ra6 34. Bf1 Bb5 35. Ra3 Kf8 36. Bxb5 Rxb5 37. Ra4 Ke7 38. Rxe4+ Kd7 39. Ra4 Rbxa5 40. Rxa5 Rxa5 41. Kf2 Kc6 42. Rb1 Rb5 43. Ra1 d5 44. Ra7 Rb7 45. Ra8 c4 46. f6 g6 47. Rh8 Kc5 48. Rxh6 c3 49. Ke2 Kc4 50. Rh8 Rb2+ 51. Ke1 Kd3 52. Rc8 c2 0-1